Berühmte Dänen - Statistiken

Allgemein
  • Dieses Quiz wurde 72 mal gespielt
  • Das Durchschnittsergebnis liegt bei 6 aus 20
Antwortstatistiken
Hint Antwort % Korrekt
Schriftsteller: Bekannt für seine Märchen wie die kleine Meerjungfrau oder die Prinzessin auf der Erbse Hans Christian Andersen
87%
Quantenphysiker: Entwickelte die Theorie des Atom-Orbital-Modells, welches nach ihm benannt ist Niels Bohr
56%
Fußball-Stürmer: 2012–2013 Lyngby BK, seitdem bei RB Leipzig Yussuf Poulsen
48%
Schlagzeuger von Metallica Lars Ulrich
38%
Schauspieler: Le Chiffre in Casino Royal, Kaecilius in Dr Strange, Lucas in Die Jagd Mads Mikkelsen
36%
Aktuell regierende Königin von Dänemark Margrethe II.
31%
Exzentrischer Fußballstürmer: 2005–2014 FC Arsenal, 2014–2016 VfL Wolfsburg Nicklas Bendtner
31%
Regisseur: Melancholia, Nymphomaniac, Idioten, The House That Jack Built Lars von Trier
30%
König, welcher Dänemark vereinen konnte und zum Christentum übertrat, Namensgeber eines Funkstandards Harald Blauzahn
26%
Schlagersängerin: Ich will ’nen Cowboy als Mann, Vom Stadtpark die Laternen, Gitte Hænning
25%
Christlicher Philosoph, gilt als wichtiger Wegbereiter des Existenzialismus Søren Kierkegaard
25%
Popmusiker: 7 Years, Drunk in the Morning, Mama Said, Love Someone Lukas Graham
23%
Schriftstellerin: Jenseits von Afrika, Babettes Fest Karen Blixen
21%
Astronom, letzter großer Geozentriker, erster Europäer, der eine Supernova entdeckte, Vorgänger Keplers Tycho Brahe
21%
Krimiautor: Carl-Mørck-Reihe (u.a. Erbarmen, Schändung, Erlösung, Verachtung), Das Alphabethaus Jussi Adler-Olsen
18%
Schriftsteller: Fräulein Smillas Gespür für Schnee, Der Susan Effekt, Reise in ein dunkles Herz Peter Høeg
15%
Aktuelle Regierungschefin Dänemarks Mette Frederiksen
11%
Regisseur: Das Fest, Die Jagd, Die Kommune, Kursk, Der Rausch Thomas Vinterberg
11%
Stummfilmstar: Die freudlose Gasse, Dirnentragödie, Hamlet Asta Nielsen
10%
Regisseur: In China essen sie Hunde, Dänische Delikatessen, Adams Äpfel Anders Thomas Jensen
8%
Keine übereinstimmenden Quizze gefunden
Verteilung der Resultate
Anzahl Personen mit jedem Resultat
Perzentil nach korrekt beantworteten Fragen
Ihre Resultats-Entwicklung
Sie haben dieses Quiz noch nicht gespielt